Ultrastructure of Hevea bark on tapping: Parenchyma cells in secondary phloem (Record no. 71727)

MARC details
000 -LEADER
fixed length control field 01639nam a2200169Ia 4500
100 ## - MAIN ENTRY--AUTHOR NAME
Personal name Wu Jilin
245 #0 - TITLE STATEMENT
Title Ultrastructure of Hevea bark on tapping: Parenchyma cells in secondary phloem
260 ## - PUBLICATION, DISTRIBUTION, ETC. (IMPRINT)
Name of publisher Journal of Natural Rubber Research
Year of publication 1993
300 ## - PHYSICAL DESCRIPTION
Number of Pages 137-145
520 ## - SUMMARY, ETC.
Summary, etc The parenchyma cells of secondary phloem in the trunk of Hevea brasiliensis were observed using transmission electron microscopy. In an untapped tree, the axial parenchyma cells and ray parenchyma cells rather than the companion cells are mainly storage cells which contain varied reserves and show less activity in metabolism. In addition to the cells whith vacuolar proteins in a fibrous form reported before, other axial parenchyma cells were found containing thicker diameter fibrils in the central vacuoles. In a tapped tree, the parenchyma cells near the tapping cut underwent many ultrastructural changes; decrease of reserves which include starach grains, vauolar proteins in the protein-storing cells and phytoferritin in plastids; formation of plasmatubules and related structures, and the myelin-like structures; occurrence of electron-dense materials outside the protoplast; increased accumulation of tannins. These changes wre found in axial parenchyma cells and ray parenchyma cells, and not in the companion cells except for the formation of plamsatubules and related structures. All the changes suggest the activation of metabolism in the parenchyma cells.
650 ## - SUBJECT ADDED ENTRY--TOPICAL TERM
Topical Term Hevea bark
650 ## - SUBJECT ADDED ENTRY--TOPICAL TERM
Topical Term Parenchyma cells
650 ## - SUBJECT ADDED ENTRY--TOPICAL TERM
Topical Term Secondary phloem
700 ## - ADDED ENTRY--PERSONAL NAME
Personal name Hao Bingzhong
942 ## - ADDED ENTRY ELEMENTS (KOHA)
Koha item type Journals
Holdings
Withdrawn status Lost status Damaged status Not for loan Home library Current library Shelving location Date acquired Serial Enumeration / chronology Koha item type
      Journals RRII Library RRII Library Botany 17/12/2021 Volume 8, Issue 2 Journals